A study of the information needs of the current end-user of the Texas Auto Visitor Survey report /

Bibliographic Details
Main Author: Deater, Lois Ann, 1964-
Format: Thesis eBook
Language:English
Published: [Place of publication not identified] : [publisher not identified] ; 1992.
Subjects:
Online Access:Link to OAKTrust copy

MARC

Tag First Indicator Second Indicator Subfields
LEADER 00000cam a2200000 a 4500
001 in00001164413
005 20220103114411.0
007 cr unu a
008 930723s1992 xx a b 000 0 eng d
035 |9 AGF0978AM 
035 |a (OCoLC)28493378 
040 |a TXA  |c TXA  |d UtOrBLW 
043 |a n-us-tx 
049 |a TXAM  |a TXAR 
099 |a 1992  |a Thesis  |a D285 
100 1 |a Deater, Lois Ann,  |d 1964- 
245 1 2 |a A study of the information needs of the current end-user of the Texas Auto Visitor Survey report /  |c by Lois Ann Deater. 
264 1 |a [Place of publication not identified] :  |b [publisher not identified] ;  |c 1992. 
300 |a x, 149 leaves :  |b illustrations ;  |c 28 cm. 
336 |a text  |b txt  |2 rdacontent 
337 |a computer  |b c  |2 rdamedia 
338 |a online resource  |b cr  |2 rdacarrier 
500 |a Major subject: Recreation, Park & Tourism Sciences, Recreation and Resources Development. 
500 |a Typescript (photocopy). 
500 |a Vita. 
502 |b M. Ag.  |c Texas A&M University  |d 1992. 
504 |a Includes bibliographical references. 
530 |a Also available online. 
650 0 |a Tourism  |x Research  |z Texas. 
650 0 |a Transportation  |x Research  |z Texas. 
650 4 |a Major recreation and resource development. 
856 4 1 |u https://hdl.handle.net/1969.1/ETD-TAMU-1992-THESIS-D285  |z Link to OAKTrust copy  |t 0 
999 |a MARS 
999 f f |s 2212e4ca-dec1-3edd-829a-bde227f330e8  |i 1c1ad8d7-9e9b-3b61-b875-37ec3b2fee54  |t 0 
952 f f |p noncirc  |a Texas A&M University  |b J.J. Pickle Campus  |c High Density Repository  |s HDR  |d Remote Storage  |t 0  |e 1992 Thesis D285  |h Other scheme  |i computer -- online resource  |m A14841041096 
952 f f |a Texas A&M University  |b College Station  |c Electronic Resources  |s www_evans  |d Available Online  |t 0  |e 1992 Thesis D285  |h Other scheme 
998 f f |a 1992 Thesis D285  |t 0  |l Remote Storage 
998 f f |a 1992 Thesis D285  |t 0  |l Available Online